000 01320nam0a22003131 4500
001 rc\4162690
005 20250611114150.0
021 _aRU
_b[49-25369]
035 _a(NLR Aleph) 008177505
090 _a7893936
_c7893936
100 _a20130415d1949 |||y0rusy50 ca
101 0 _arus
102 _aRU
105 _ay c |||||
200 1 _aМетодические указания к букварю и букварь для школ слепых детей
210 _aМосква
_cУчпедгиз
_d1949
_gТип. Изд-ва АПН
215 _a56 с.
_d20
300 _aПеред загл. авт.: Е.Е. Соловьева, К.А. Успенская
606 _aРусский язык
_xБуквари для слепых
_2psbo
606 _aГрамота
_xМетодика обучения в школе слепых
_2psbo
606 _aСлепые
_xМетодика обучения
_2psbo
700 1 _aСоловьева
_bЕ.Е.
_f1869-1945
_gЕвгения Егоровна
701 1 _7ca
_8rus
_aУспенская
_bК. А.
_cдефектолог, тифлопедагог
_gКсения Александровна
_9238674
_3RU\NLR\AUTH\770238730
801 0 _aRU
_bNLR
_gpsbo
801 1 _aRU
_bELAR
_2rusmarc
852 _aNLR
_jПр70 Г-4/20
942 _cBOOK
980 _aNB